Obchodní a kapitálové vztahy USA a EU
Postavenie USA a EÚ v medzinárodných ekonomických vzťahoch. Vzájomné obchodné vzťahy USA a EÚ. Teritoriálna a komoditná štruktúra. Kapitálové vzťahy, priame zahraničné investície.
Salvato in:
| Autore principale: | |
|---|---|
| Natura: | Capitolo di libro |
| Lingua: | ceco |
| Soggetti: | |
| Tags: |
Nessun Tag, puoi essere il primo ad aggiungerne!!
|
MARC
| LEADER | 00000naa$a2200000$$$4500 | ||
|---|---|---|---|
| 001 | 0012119 | ||
| 005 | 20231003120309.0 | ||
| 041 | 0 | |a cze | |
| 044 | |a CZ | ||
| 245 | 1 | 0 | |a Obchodní a kapitálové vztahy USA a EU |c aut. Dana Steinmetzová |
| 520 | |a Postavenie USA a EÚ v medzinárodných ekonomických vzťahoch. Vzájomné obchodné vzťahy USA a EÚ. Teritoriálna a komoditná štruktúra. Kapitálové vzťahy, priame zahraničné investície. | ||
| 610 | 2 | 0 | |a Európska únia |
| 610 | 2 | 0 | |a USA |
| 610 | 2 | 0 | |a vzťahy hospodárske vonkajšie |
| 610 | 2 | 0 | |a obchod zahraničný |
| 610 | 2 | 0 | |a komodity |
| 610 | 2 | 0 | |a štruktúra dovozu |
| 610 | 2 | 0 | |a pohyb kapitálu |
| 610 | 2 | 0 | |a investície priame zahraničné |
| 100 | 1 | |a Steinmetzová, Dana | |